000 01632nam a2200517 i 4500
001 45384
003 KOSZ 005
005 20220401111829.0
008 050128s2005 pl a |000 0 pol
015 _aUWD 2005/1841
020 _a8391332799
035 _a991025930569705066
035 _a(PL-WaBN)b17057905-48omnis_nlop
035 _ab17057905
035 _a(OCoLC)750000229
035 _azz2005962623
035 _a(PL)b0000001705790
035 _a(EXLNZ-48OMNIS_NETWORK)9910329096605606
040 _aWA N
_cWA N
_dKOSZ 005/HR
041 0 _apol
046 _k2005
080 _a519.8
080 _a330.4
080 _a(075.8)
100 1 _aCzyżycki, Rafał
_eAutor
245 1 0 _aWybrane zagadnienia z badań operacyjnych /
_cRafał Czyżycki, Marcin Hundert, Rafał Klóska.
260 _aSzczecin :
_b"Economicus",
_c2005.
300 _a169 s. :
_brys. ;
_c24 cm.
336 _aTekst
_btxt
_2rdacontent
337 _aBez urządzenia pośredniczącego
_bn
_2rdamedia
338 _aWolumin
_bnc
_2rdacarrier
380 _aKsiążki
388 _a2001-
504 _aBibliogr. s. 167.
650 7 _aBadania operacyjne
_2DBN
650 7 _aEkonomia matematyczna
655 7 _aPodręczniki akademickie
_2DBN
658 _aMatematyka
658 _aGospodarka, ekonomia, finanse
700 1 _aHundert, Marcin
_eAutor
700 1 _aKlóska, Rafał
_eAutor
710 2 _aEconomicus
_4pbl
856 _uhttp://koha.tu.koszalin.pl/cgi-bin/koha/opac-detail.pl?biblionumber=45834
_yKatalog online BPK
942 _2UKD
_cKS
999 _c45834
_d45834